Economic Integration in the Maghreb : An Untapped Source of Growth /

Individual countries of the Maghreb have achieved substantial progress on trade, but, as a region they remain the least integrated in the world. The share of intraregional trade is less than 5 percent of their total trade, substantially lower than in all other regional trading blocs around the world...

Descripció completa

Dades bibliogràfiques
Autor principal: Kireyev, Alexei
Altres autors: Nandwa, Boaz, Ocampos, Lorraine, Sarr, Babacar
Format: Revista
Idioma:English
Publicat: Washington, D.C. : International Monetary Fund, 2019.
Col·lecció:Departmental Papers; Departmental Paper ; No. 2019/003
Accés en línia:Full text available on IMF
LEADER 01933cas a2200289 a 4500
001 AALejournalIMF018949
008 230101c9999 xx r poo 0 0eng d
020 |c 20.00 USD 
020 |z 9781484389843 
022 |a 2616-5333 
040 |a BD-DhAAL  |c BD-DhAAL 
100 1 |a Kireyev, Alexei. 
240 1 0 |a Economic Integration in the Maghreb: An Untapped Source of Growth.  |l Arabic 
245 1 0 |a Economic Integration in the Maghreb :   |b An Untapped Source of Growth /  |c Alexei Kireyev, Boaz Nandwa, Lorraine Ocampos, Babacar Sarr. 
264 1 |a Washington, D.C. :  |b International Monetary Fund,  |c 2019. 
300 |a 1 online resource (48 pages) 
490 1 |a Departmental Papers 
500 |a <strong>Off-Campus Access:</strong> No User ID or Password Required 
500 |a <strong>On-Campus Access:</strong> No User ID or Password Required 
506 |a Electronic access restricted to authorized BRAC University faculty, staff and students 
520 3 |a Individual countries of the Maghreb have achieved substantial progress on trade, but, as a region they remain the least integrated in the world. The share of intraregional trade is less than 5 percent of their total trade, substantially lower than in all other regional trading blocs around the world. Geopolitical considerations and restrictive economic policies have stifled regional integration. Economic policies have been guided by country-level considerations, with little attention to the region, and are not coordinated. Restrictions on trade and capital flows remain substantial and constrain regional integration for the private sector. 
538 |a Mode of access: Internet 
700 1 |a Nandwa, Boaz. 
700 1 |a Ocampos, Lorraine. 
700 1 |a Sarr, Babacar. 
830 0 |a Departmental Papers; Departmental Paper ;  |v No. 2019/003 
856 4 0 |z Full text available on IMF  |u http://elibrary.imf.org/view/journals/087/2019/003/087.2019.issue-003-ar.xml  |z IMF e-Library